Inovatívne podniky - ich vznik, rozvoj a udržateľnosť
Guardado en:
| Autor principal: | |
|---|---|
| Formato: | Capítulo de libro |
| Lenguaje: | eslovaco inglés |
| Materias: | |
| Etiquetas: |
Sin Etiquetas, Sea el primero en etiquetar este registro!
|
MARC
| LEADER | 00000naa a2200000 4500 | ||
|---|---|---|---|
| 001 | 0297748 | ||
| 005 | 20240502074517.3 | ||
| 041 | 0 | |a slo | |
| 041 | 0 | |a eng | |
| 044 | |a SK | ||
| 245 | 1 | 0 | |a Inovatívne podniky - ich vznik, rozvoj a udržateľnosť |c Ivana Mišúnová Hudáková |
| 500 | |a Abstrakt | ||
| 610 | 2 | 0 | |a podnik |
| 610 | 2 | 0 | |a inovácia |
| 610 | 2 | 0 | |a prostredie podnikateľské |
| 610 | 2 | 0 | |a udržateľnosť |
| 610 | 2 | 0 | |a konkurencieschopnosť |
| 610 | 2 | 0 | |a stratégia podnikateľská |
| 100 | 1 | |a Mišúnová Hudáková, Ivana, 1976- | |